Presentación del libro "Tu, amor" de Nizar Kabbani [ (Record no. 4139)

MARC details
000 -LEADER
campo de control de longitud fija 01652nkm a2200349 i 4500
001 - NÚMERO DE CONTROL
campo de control 4139
003 - IDENTIFICADOR DE NÚMERO DE CONTROL
campo de control ES-MaACL
005 - FECHA Y HORA DE LA ÚLTIMA TRANSACCIÓN
campo de control 20250713062933.0
007 - CAMPO FIJO DE DESCRIPCIÓN FÍSICA--INFORMACIÓN GENERAL
campo de control de longitud fija khrbo
008 - DATOS DE LONGITUD FIJA--INFORMACIÓN GENERAL
campo de control de longitud fija 070628s1987 sp --- g |001||spa d
100 0# - ENTRADA PRINCIPAL--NOMBRE DE PERSONA
Nombre de persona Alfonso,
Fechas asociadas al nombre 1902-1990
9 (RLIN) 19858
245 10 - MENCIÓN DEL TÍTULO
Título Presentación del libro "Tu, amor" de Nizar Kabbani [
Medio Fotografía] /
Mención de responsabilidad, etc. Alfonso (sello).
260 ## - PUBLICACIÓN, DISTRIBUCIÓN, ETC.
Lugar de publicación, distribución, etc. [S.l. :
Nombre del editor, distribuidor, etc. s.n.],
Fecha de publicación, distribución, etc. 1987.
300 ## - DESCRIPCIÓN FÍSICA
Extensión 2 fot. :
Otras características físicas b. y n. ;
Dimensiones 12 x 18 cm.
500 ## - NOTA GENERAL
Nota general Datos basados en invitación.
511 0# - NOTA DE PARTICIPANTES O INTÉRPRETES
Nota de participantes o intérpretes Intervienen: Pedro Martínez Montávez, Inés Benito Ducós, Joaquín Benito de Lucas, Luis Alberto de Cuenca, Manuel Romero, Carmen Ruiz Bravo; coordinadora: Elsa López.
518 ## - NOTA DE FECHA/HORA Y LUGAR DE UN ACONTECIMIENTO
Nota de fecha/hora y lugar de un acontecimiento Acto organizado por el Ateneo de Madrid en colaboración con la Agrupación de Estudios Matritenses "Enrique Tierno", celebrado en la sala de conferencias el jueves, 12 de noviembre de 1987, a las 20:00 h.
600 14 - PUNTO DE ACCESO ADICIONAL DE MATERIA--NOMBRE DE PERSONA
Nombre de persona Qabbani, Nizar.
9 (RLIN) 94468
600 14 - PUNTO DE ACCESO ADICIONAL DE MATERIA--NOMBRE DE PERSONA
Nombre de persona Benito Ducós, Inés.
9 (RLIN) 27674
600 14 - PUNTO DE ACCESO ADICIONAL DE MATERIA--NOMBRE DE PERSONA
Nombre de persona Benito de Lucas, Joaquín.
9 (RLIN) 27672
600 14 - PUNTO DE ACCESO ADICIONAL DE MATERIA--NOMBRE DE PERSONA
Nombre de persona Cuenca, Luis Alberto de,
Fechas asociadas al nombre 1950-
9 (RLIN) 240908
600 14 - PUNTO DE ACCESO ADICIONAL DE MATERIA--NOMBRE DE PERSONA
Nombre de persona Romero, Manuel.
9 (RLIN) 99341
600 14 - PUNTO DE ACCESO ADICIONAL DE MATERIA--NOMBRE DE PERSONA
Nombre de persona Ruiz Bravo-Villasante, Carmen,
Fechas asociadas al nombre 1947-
9 (RLIN) 100675
600 14 - PUNTO DE ACCESO ADICIONAL DE MATERIA--NOMBRE DE PERSONA
Nombre de persona López, Elsa,
Fechas asociadas al nombre 1943-
9 (RLIN) 73324
600 14 - PUNTO DE ACCESO ADICIONAL DE MATERIA--NOMBRE DE PERSONA
Nombre de persona Martínez Montávez, Pedro.
9 (RLIN) 78252
610 24 - PUNTO DE ACCESO ADICIONAL DE MATERIA--NOMBRE DE ENTIDAD CORPORATIVA
Nombre de entidad corporativa o nombre de jurisdicción como elemento de entrada Ateneo de Madrid-
Subdivisión general Actos culturales-
Subdivisión cronológica 1987-
Subdivisión de forma Fotografías.
9 (RLIN) 1902
710 2# - ENTRADA AGREGADA--NOMBRE DE ENTIDAD CORPORATIVA
Nombre de entidad corporativa o nombre de jurisdicción como elemento de entrada Ateneo de Madrid.
9 (RLIN) 1875
710 2# - ENTRADA AGREGADA--NOMBRE DE ENTIDAD CORPORATIVA
Nombre de entidad corporativa o nombre de jurisdicción como elemento de entrada Agrupación de Estudios Matritenses "Enrique Tierno"
9 (RLIN) 1287
852 ## - LOCALIZACIÓN
Ubicación ES-MaACL
Número de control de estantería FOT 204/1987
856 4# - LOCALIZACIÓN Y ACCESO ELECTRÓNICOS
Identificador Uniforme de Recursos <a href="http://www.ateneodemadrid.net/biblioteca_digital/imagenes/1987/0204-1987.jpg">http://www.ateneodemadrid.net/biblioteca_digital/imagenes/1987/0204-1987.jpg</a>
Nota pública Ver imagen
Holdings
Estatus retirado Estado de pérdida Estado de daño No para préstamo Colección Biblioteca de origen Biblioteca actual Ubicación en estantería Fecha de adquisición Fuente de adquisición Total de préstamos Signatura topográfica completa Código de barras Visto por última vez Precio de reemplazo Tipo de ítem Koha
        Colección digital Biblioteca del Ateneo de Madrid Biblioteca del Ateneo de Madrid Depósito Z 17/01/2008     FOT 204/1987 1004202 23/02/2023 23/02/2023 Fotografía